| 000 | 00597cam a22002055a 4500 | ||
|---|---|---|---|
| 999 |
_c11512 _d11512 |
||
| 005 | 20180930124943.0 | ||
| 008 | 090510r20031997enka frd 000 0 eng d | ||
| 020 | _a1855347334 | ||
| 020 | _a9781855347335 | ||
| 040 |
_aEG-ScBUE _beng _cEG-ScBUE _dEG-ScBUE |
||
| 082 | 0 | 4 |
_a423.1 _bENG _222 |
| 245 | 0 | 0 | _aEnglish thesaurus. |
| 250 | _aNew ed., Reprinted ed. | ||
| 260 |
_aNew Lanark : _bGeddes & Grosset, _c2003. |
||
| 300 |
_a480 p. ; _c23 cm. |
||
| 650 | 7 |
_aEnglish language _xSynonyms and antonyms _vDictionaries. _2BUEsh |
|
| 651 | _2BUEsh | ||
| 653 |
_bHHUUEENN _cSeptember2018 |
||
| 942 | _2ddc | ||